000 00813nam a2200241 a 4500
003 OSt
005 20131016180506.0
008 131016s2003 ag ||||| |||| 00| 0 spa d
040 _cBiblioteca Medicina
041 _aspa
082 _bCONGRESOS 054
100 1 _aMaceira, Daniel
_92710
245 0 0 _aSeminario IV: Instituciones Sanitarias en un Pais Federal, las Obras Sociales Provinciales en contexto
250 _a1ยบ ed
260 _aBuenos Aires
_bCentro de Estudios de Estado y Sociedad
_c2003
300 _a37 p.
440 0 _aSeminarios Salud y Politica Publica
_92706
653 _aSALUD-INSTITUCIONES
653 _aOBRAS SOCIALES-ESTUDIO
856 _awww.cedes.org
942 _2ddc
_cPH
999 _c1805
_d1805
952 _40
_00
_bBFM
_10
_oCONGRESOS 054
_d2013-10-16
_tEj. 1
_8NFIC
_70
_cCR
_2ddc
_yPH
_aBFM